| 000 | 01599cam a22004454i 4500 | ||
|---|---|---|---|
| 003 | PE-LiUPU | ||
| 005 | 20250731173204.0 | ||
| 008 | 150625s1970 ck r 000 0 spa d | ||
| 035 | _a(Sirsi) a30627 | ||
| 040 |
_aPE-LiUPU _bspa _cPE-LiUPU _erda |
||
| 082 | 0 | 4 |
_a220.113 _bM33 _221 |
| 100 | 1 |
_aMaxwell, Graham, _eautor. |
|
| 245 | 1 | 0 |
_aUd. Puede Confiar en la Biblia / _cGraham Maxwell. |
| 264 | 1 |
_aBogotá : _bInteramericanas, _c1970 |
|
| 300 |
_a92 páginas ; _c18 centímetros. |
||
| 336 |
_atext _2rdacontent |
||
| 337 |
_aunmediated _2rdamedia |
||
| 338 |
_avolume _2rdacarrier |
||
| 526 | _aSEG42 | ||
| 526 | _aSEG41 | ||
| 526 | _aSEG40 | ||
| 526 | _aSEG39 | ||
| 526 | _aP94 | ||
| 526 | _aP87 | ||
| 526 | _aP86 | ||
| 526 | _aP85 | ||
| 526 | _aP77 | ||
| 526 | _aP76 | ||
| 526 | _aP35 | ||
| 630 | 0 | 4 |
_aBiblia _xEvidencias, autoridad, etc. |
| 630 |
_aBiblia _xInspiración. |
||
| 910 |
_ajck _bncf _cncf _d20161017 |
||
| 942 |
_2ddc _cBOOK |
||
| 949 |
_a220.113 M33 _wDEWEY _c1 _i36260 _lCCODEBUL1 _mBUL _p00.00 _r0 _sY _tBOOK _u2015-06-25 _xBIBLIOTECA _zUNKNOWN _0COMPRA _o.STAFF. Colección General |
||
| 596 | _a1 | ||
| 999 |
_a220.113 M33 _wDEWEY _c38092 _i36260 _d38092 _f2021-11-11 _g5 _lCCODEBUL1 _mBUL _q2 _r0 _sY _tBOOK _u2015-6-25 _xTEOLOGIA _zUNKNOWN _0COMPRA _o.STAFF. Colección General |
||
| 999 |
_a220.113 M33 _wDEWEY _c2 _i75132 _f2021-11-11 _g5 _lCCODEBUL1 _mBUL _p5.00 _r0 _sY _tBOOK _u2016-10-17 _xTEOLOGIA _PP20 _0COMPRA _o.STAFF. Colección Teología |
||
| 980 |
_81 _gALBERTO SANCHEZ Responsable de Automatización |
||